[Event "Chigorin Memorial 30th"]
[Site "St Petersburg"]
[Date "2023.10.21"]
[Round "1"]
[White "Efimov, Leonid"]
[Black "Shepel, Ivan"]
[Result "1-0"]
[WhiteElo "2080"]
[BlackElo "1579"]
[PlyCount "71"]
[EventDate "2023.10.21"]
[EventType "swiss"]
[EventRounds "9"]
[EventCountry "RUS"]
[SourceTitle "Mega2024 Update 01"]
[Source "Chessbase"]
[SourceDate "2023.11.12"]
[SourceVersion "1"]
[SourceVersionDate "2023.11.12"]
[SourceQuality "1"]

1. d4 Nf6 2. c4 g6 3. Nc3 Bg7 4. e4 d6 5. Be2 0-0 6. Be3 e5 7. d5 Ne8 8. g4 a5 9. h4 h6 10. Qd2 Kh7 11. Nh3 Na6 12. 0-0-0 Nc5 13. Rdg1 f6 14. g5 h5 15. gxf6 Nxf6 16. Ng5+ Kh8 17. Rg3 b6 18. Rhg1 Qe8 19. f3 a4 20. Nb5 Na6 21. Bf1 Nh7 22. Nxh7 Kxh7 23. Rxg6 Qxg6 24. Rxg6 Kxg6 25. Qg2+ Kh7 26. Qg5 Bg4 27. Be2 Bd7 28. Qxh5+ Kg8 29. a3 Bxb5 30. cxb5 Nc5 31. Bf1 Rf7 32. Bh3 Nd3+ 33. Kb1 Nf4 34. Bxf4 Rxf4 35. Be6+ Kf8 36. Qh7 1-0

[Event "Anapa Sea Harbor Cup"]
[Site "Anapa"]
[Date "2021.06.09"]
[Round "8"]
[White "Kuznetsov, Ivan V"]
[Black "Shepel, Ivan"]
[Result "0-1"]
[WhiteElo "1744"]
[BlackElo "1626"]
[PlyCount "128"]
[EventDate "2021.06.02"]
[EventType "swiss"]
[EventRounds "9"]
[EventCountry "RUS"]
[SourceTitle "CBM 202 Extra"]
[Source "ChessBase"]
[SourceDate "2021.07.31"]
[SourceVersion "1"]
[SourceVersionDate "2021.07.31"]
[SourceQuality "1"]

1. e4 e5 2. Nc3 Nf6 3. g3 Bc5 4. Bg2 Nc6 5. Nge2 0-0 6. 0-0 a6 7. d3 h6 8. h3 d6 9. Kh2 Nh7 10. f4 f5 11. Nd5 Ne7 12. Nxe7+ Qxe7 13. fxe5 fxe4 14. Rxf8+ Nxf8 15. exd6 Bxd6 16. Bxe4 Qf6 17. Bf4 Qxb2 18. Bxd6 cxd6 19. Nf4 Qe5 20. Bd5+ Kh8 21. Rb1 g5 22. Qh5 gxf4 23. Qxh6+ Nh7 24. Be4 fxg3+ 25. Kg2 Bf5 26. Re1 Bxe4+ 27. Rxe4 Qf6 28. Qxf6+ Nxf6 29. Re6 Ne8 30. Re7 b5 31. Kxg3 Kg8 32. Kf4 Kf8 33. Rd7 Rc8 34. Ra7 Rc6 35. Ke3 Nc7 36. Kd2 Kf7 37. Rb7 Kf6 38. Rb8 Ne6 39. c3 d5 40. d4 Ng5 41. Rh8 Kg7 42. Rd8 Ne4+ 43. Ke3 Nxc3 44. Kf4 Re6 45. Kg5 Kf7 46. h4 Ne4+ 47. Kf5 Nd6+ 48. Kg5 Ke7 49. Ra8 Nf7+ 50. Kf5 Rd6 51. h5 Rc6 52. Ra7+ Kf8 53. Rd7 Rd6 54. Rxd6 Nxd6+ 55. Ke6 Ne4 56. Kxd5 Nc3+ 57. Ke6 Nxa2 58. d5 Nb4 59. d6 Nc6 60. d7 b4 61. h6 b3 62. h7 Kg7 63. Kd6 Nd8 64. Ke7 Nb7 0-1

[Event "Anapa Sea Harbor Cup"]
[Site "Anapa"]
[Date "2021.06.02"]
[Round "1"]
[White "Lavrov, Maxim"]
[Black "Shepel, Ivan"]
[Result "1-0"]
[WhiteElo "2401"]
[BlackElo "1626"]
[PlyCount "57"]
[EventDate "2021.06.02"]
[EventType "swiss"]
[EventRounds "9"]
[EventCountry "RUS"]
[SourceTitle "CBM 202 Extra"]
[Source "ChessBase"]
[SourceDate "2021.07.31"]
[SourceVersion "1"]
[SourceVersionDate "2021.07.31"]
[SourceQuality "1"]

1. e4 e5 2. Nf3 Nc6 3. Bb5 a6 4. Ba4 d6 5. c3 Nf6 6. d4 Bd7 7. 0-0 exd4 8. cxd4 Be7 9. e5 dxe5 10. dxe5 Ne4 11. Be3 Nc5 12. Bxc5 Bxc5 13. Nc3 b5 14. Bc2 Bg4 15. Be4 Nd4 16. h3 Bxf3 17. Bxf3 Nxf3+ 18. Qxf3 0-0 19. Rad1 Qb8 20. Ne4 Qb6 21. Rd7 Rad8 22. Rfd1 Rxd7 23. Rxd7 Bd4 24. Ng5 Bxe5 25. Rxf7 Rd8 26. Rf8+ Rxf8 27. Qd5+ Kh8 28. Nf7+ Rxf7 29. Qd8+ 1-0